Представление документа в формате RUSMARC

ПолеНазваниеЗначение
  Тип записи a
  Библиографический уровень m
001 Контрольный номер RU/IS/BASE/661887726
005 Дата корректировки 20240207193858.6
010 Индекс ISBN __
a ISBN 978-5-17-117086-8
b Уточнения в пер.
d Цена 601 р. 35 к.
9 Тираж 3000 экз.
100 Данные общей обработки __
a Данные общей обработки 20201221d2020 ||| 0rusy0189 ca
101 Язык документа 0_
a Язык текста rus
102 Страна публикации __
a Страна публикации RU
105 Кодированные данные (монография) __
a Кодированные данные (монография) y###||||000|y
181 Поле кодированных данных: вид содержания _0
a Код вида содержания (ISBD) i#
b Код характеристики содержания (ISBD) #xxe##
d i
e #
f #
g x
h x
i e
182 Поле кодированных данных: тип средства _0
a Код типа средства (ISBD) n
200 Заглавие и сведения об ответственности 1_
a Заглавие Как устроены скорая, пожарная, полиция
e Сведения, относящиеся к заглавию детская энциклопедия
e Сведения, относящиеся к заглавию [для среднего школьного возраста]
f Первые сведения об ответственности А. А. Ткачёва, М. В. Собе-Панек
f Первые сведения об ответственности [худож. И. и А. Чукавины, Е. Вергузова]
w Текст (визуальный) : непосредственный
203 Вид содержания и тип средства __
a Вид содержания Текст
b Характеристика содержания визуальный
c Тип средства непосредственный
210 Выходные данные 1_
a Место издания Москва
c Издательство Аванта
c Издательство АСТ
d Дата издания 2019
215 Физическое описание __
a Объем 95 с.
c Иллюстрации/тип воспроизводства цв. ил.
d Формат 27 см.
300 Общие примечания __
a Общие примечания 0+; 6-
606 Тематические рубрики 1_
a Основная рубрика Гражданская защита - Службы экстренной помощи
610 Ключевые слова 1_
a Ключевые слова первая помощь
a Ключевые слова пожарная охрана
a Ключевые слова пожары
a Ключевые слова полиция
a Ключевые слова скорая помощь
a Ключевые слова службы экстренной помощи
a Ключевые слова экстремальные ситуации
686 Индексы других классификаций __
a Классификационный индекс 68.9я2
2 Код системы rubbk
700 Автор _1
a Фамилия Ткачёва
b Имя (инициалы) Алиса Андреевна
g Полное личное имя А. А.
701 Альтернативная интеллектуальная ответственность _1
a Фамилия Собе-Панек
b Имя (инициалы) Мария Викторовна
g Полное личное имя А. А.
790 Имя лица - альтернативная форма __
a Имя лица - альтернативная форма Ткачева
801 Источник записи _0
a Страна RU
b Организация Ульяновская ОБДЮ
c Дата составления 20201221
g Правила каталогизации RCR
801 Источник записи _1
a Страна RU
b Организация Ульяновская ОБДЮ
c Дата составления 20201221
g Правила каталогизации RCR
852 Данные о местонахождении __
a Наименование организации Ульяновская ОБДЮ
i Авторский знак Т 48
j Шифр хранения 68.9
901 Тип документа __
t Тип документа m
909 Создатель записи __
a Создатель записи Бондаренко В.А.
910 Корректоры записи __
a Корректор записи Лушникова С.А.
919 __
g 202106
a Лушникова С.А.
c Бондаренко В.А.
938 Служебная информация __
a Имя БД MarkBase